00604nam a2200169Ia 4500001001000000003000500010008004100015010001100056040000900067082002000076100001700096245008900113300000900202440001600211500012900227650007800356Para_8671CHAP220125s9999 xx 000 0 und d a207482 cCHAP aPA-C 595.752 A6 aEssig, E. O. aA genus and species of the family aphididae new to North America /c by E.O. Essig  a8 p. aAphidae; 30 aSobretiro de: University of alifornia publications in entomology 6 (1): 1-8, 1932. Encuadernado con otros impresos similares ax Afididos x Colecciones de escritos x Afididos x EUA x Thorocaphis